| 000 | 00623nam a22001817a 4500 | ||
|---|---|---|---|
| 003 | CEME | ||
| 005 | 20210628204032.0 | ||
| 008 | 210107b xxu||||| |||| 00| 0 eng d | ||
| 020 | _a9781439856505 | ||
| 040 | _cceme | ||
| 082 | _a621.3845 MOB | ||
| 100 |
_aLoo, Jonathan, Mauri, Jaime Lioret, Qritz, Jesus Hamilton _968360 |
||
| 245 | _aMobile ad hoc networks, current status and future trends | ||
| 260 |
_aNEW YORK _bCRC PRESS _c2012 |
||
| 300 | _aIX, 528P | ||
| 650 |
_aMOBILE AD HOC NETWORKS.FUNDAMENTALS OF MANET MODELING AND SIMULATION.COMMUNICATION PROTOCOLS OF MANET.FUTURE NETWORKS. _968361 |
||
| 942 |
_cBK _2ddc |
||
| 999 |
_c575959 _d575959 |
||